Sartre, de la náusea al compromiso / (Record no. 110693)

MARC details
000 -LEADER
fixed length control field 00843nam a22002177a 4500
005 - DATE AND TIME OF LATEST TRANSACTION
control field 20151214091034.0
008 - FIXED-LENGTH DATA ELEMENTS--GENERAL INFORMATION
fixed length control field 151214b cl||||| |||| 00| 0 spa d
020 ## - INTERNATIONAL STANDARD BOOK NUMBER
International Standard Book Number 9789586651134
050 04 - LIBRARY OF CONGRESS CALL NUMBER
Classification number B2430 .S34
Item number G66 2008
100 1# - MAIN ENTRY--PERSONAL NAME
Personal name Gómez-Muller, Alfredo
245 10 - TITLE STATEMENT
Title Sartre, de la náusea al compromiso /
Statement of responsibility, etc Alfredo Gómez Muller ; tr. de Ángela Calvo de Saavedra
250 ## - EDITION STATEMENT
Edition statement 1a ed.
260 ## - PUBLICATION, DISTRIBUTION, ETC. (IMPRINT)
Place of publication, distribution, etc Bogotá, Colombia :
Name of publisher, distributor, etc Siglo del Hombre Editores : Pontificia Universidad Javeriana,
Date of publication, distribution, etc 2008
300 ## - PHYSICAL DESCRIPTION
Extent 250 p. ;
Dimensions 21 cm.
490 #0 - SERIES STATEMENT
Series statement Serie LinkBiblioteca universitaria. Ciencias sociales y humanidades. Filosofía
600 1# - SUBJECT ADDED ENTRY--PERSONAL NAME
Personal name Sartre, Jean-Paul,
Dates associated with a name 1905-1980
General subdivision Crítica e interpretación
650 #4 - SUBJECT ADDED ENTRY--TOPICAL TERM
Topical term or geographic name as entry element Crítica e interpretación
650 #4 - SUBJECT ADDED ENTRY--TOPICAL TERM
Topical term or geographic name as entry element Existencialismo
700 1# - ADDED ENTRY--PERSONAL NAME
Personal name Calvo de Saavedra, Ángela,
Relator term tr.
942 ## - ADDED ENTRY ELEMENTS (KOHA)
Source of classification or shelving scheme Biblioteca del Cogreso de los Estados Unidos
Koha item type Libro
Holdings
Estado de pérdida Fuente de clasificación Estado del daño No para préstamo Ubicación permanente Ubicación actual Apartado o colección Fecha de adquisición Edición Área del conocimiento Clasificación Código de Barras Date last seen Número de copia Tipo de recurso
  Biblioteca del Cogreso de los Estados Unidos     Biblioteca de la Facultad de Filosofía Biblioteca de la Facultad de Filosofía General 14/12/2015 1a ed. Educación y Humanidades B2430 .S34 G66 2008 BFF000014586 14/12/2015 1 Libro